01174nam a22001457a 450000500170000000800410001702000180005824500970007625000110017326000330018430000280021750000190024550507110026470000530097520230619133814.0230619b ||||| |||| 00| 0 eng d a9780078034787 aFocus on personal finance an active approach to help you develop successful financial skills a4th ed aNew York bMcGraw-Hillc2013 axxxv,517p.:bill;c28cm aIncludes index aPersonal financial planning-- Money management skills-- Taxes in your financial plan-- Financial services: savings plan and payment account-- Consumer credit: advantages, disadvantages, sources and cost-- Consumer purchasing strategies and wise buying of motor vehicles-- Selecting and financing housing-- Home and automobile insurance -- Health and disability income insurance-- Financial planning with life insurance-- Investing basics and evaluating bonds-- Investing in stocks-- Investing in mutual funds-- Starting early: retirement and estate planning-- Education financing, loans, and scholarships-- Developing a career search strategy-- Consumer agencies and organizations -- Daily spending diary.  aDlabay, Les R. Hughes, Robert J. Melissa, Hart M